书目信息 |
| 题名: |
新闻写作36术
|
|
| 作者: | 刘善兴 著 | |
| 分册: | ||
| 出版信息: | 北京 中国人民解放军出版社 2001.01 |
|
| 页数: | 281页 | |
| 开本: | 32开 | |
| 丛书名: | ||
| 单 册: | ||
| 中图分类: | G212.2 | |
| 科图分类: | ||
| 主题词: | 新闻学 , 新闻工作 | |
| 电子资源: | ||
| ISBN: | 7-5065-3318-9 | |
| 000 | 00584nam0 2200217 45 | |
| 001 | 0204231002 | |
| 005 | 20031219104055.0 | |
| 010 | @a7-5065-3318-9@dCNY15.00 | |
| 100 | @a20020423d2001 km y0chiy0120 ea | |
| 101 | 0 | @achi |
| 105 | @a z 000yy | |
| 200 | 1 | @a新闻写作36术@AXin Wen Xie Zuo 36 Shu@f刘善兴著@FLiu Shan Xing Zhu |
| 205 | @a2版 | |
| 210 | @a北京@c中国人民解放军出版社@d2001.01 | |
| 215 | @a281页@d32开 | |
| 606 | 0 | @a新闻学 |
| 606 | 0 | @a新闻工作 |
| 690 | @aG212.2@v4 | |
| 701 | @a刘善兴@4著 | |
| 801 | @aCN@bTSTC@c20020423 | |
| 905 | @b309070-074@dG212.2@e115=2@f5 | |
| 新闻写作36术/刘善兴著.-2版.-北京:中国人民解放军出版社,2001.01 |
| 281页;32开 |
| ISBN 7-5065-3318-9:CNY15.00 |
| ● |
| 相关链接 |
|
|
|
|
正题名:新闻写作36术
索取号:G212.2/115=2
 
预约/预借
| 序号 | 登录号 | 条形码 | 馆藏地/架位号 | 状态 | 备注 |
| 1 | 0309070 | 203090706 | 第四借阅区/ [索取号:G212.2/115=2] | 在馆 | |
| 2 | 0309071 | 203090715 | 密集书库/ [索取号:G212.2/115=2] | 在馆 | |
| 3 | 0309072 | 203090724 | 第四借阅区/ [索取号:G212.2/115=2] | 在馆 | |
| 4 | 0309073 | 203090733 | 第四借阅区/ [索取号:G212.2/115=2] | 在馆 | |
| 5 | 0309074 | 203090742 | 第一样本阅览室/ [索取号:G212.2/115=2] | 在馆 |